[Event "Wch U20 Girls 38th"]
[Site "Cala Gonone"]
[Date "2022.10.16"]
[Round "6"]
[White "Andhin, Chethanah"]
[Black "Velikova, Gabriela"]
[Result "0-1"]
[WhiteElo "1493"]
[BlackElo "1500"]
[PlyCount "64"]
[EventDate "2022.10.12"]
[EventType "swiss"]
[EventRounds "11"]
[EventCountry "ITA"]
[SourceTitle "CBM 210 Extra"]
[Source "ChessBase"]
[SourceDate "2022.11.30"]
[SourceVersion "1"]
[SourceVersionDate "2022.11.30"]
[SourceQuality "1"]

1. d4 d5 2. Bf4 c5 3. c3 Qb6 4. Qb3 Qxb3 5. axb3 cxd4 6. cxd4 Nc6 7. e3 Bf5 8. Bb5 e6 9. Nf3 Bxb1 10. Rxb1 Bb4+ 11. Ke2 f6 12. Ra1 Nge7 13. h4 0-0 14. Bd3 Ng6 15. Bxg6 hxg6 16. g4 b5 17. g5 Na5 18. gxf6 gxf6 19. Rhg1 Kf7 20. Rac1 Rfc8 21. Nh2 Nxb3 22. Rxc8 Rxc8 23. Ng4 Rc2+ 24. Kf3 Rxb2 25. Nh6+ Kg7 26. Ng4 Nd2+ 27. Kg3 Ne4+ 28. Kf3 f5 29. Be5+ Kf8 30. Bg3 fxg4+ 31. Kxg4 Nxf2+ 32. Kg5 Nh3+ 0-1

[Event "Wch U20 Girls 38th"]
[Site "Cala Gonone"]
[Date "2022.10.13"]
[Round "3"]
[White "Velikova, Gabriela"]
[Black "Mkrtchyan, Mariam"]
[Result "0-1"]
[WhiteElo "1500"]
[BlackElo "2374"]
[PlyCount "74"]
[EventDate "2022.10.12"]
[EventType "swiss"]
[EventRounds "11"]
[EventCountry "ITA"]
[SourceTitle "CBM 210 Extra"]
[Source "ChessBase"]
[SourceDate "2022.11.30"]
[SourceVersion "1"]
[SourceVersionDate "2022.11.30"]
[SourceQuality "1"]

1. e4 c6 2. d4 d5 3. e5 Bf5 4. g4 Be4 5. f3 Bg6 6. h4 h5 7. e6 Qd6 8. exf7+ Bxf7 9. Ne2 e5 10. g5 Nd7 11. Bh3 Be6 12. dxe5 Nxe5 13. f4 Bxh3 14. fxe5 Qb4+ 15. Qd2 Qxh4+ 16. Kd1 Qf2 17. Qf4 Qxf4 18. Bxf4 Bg4 19. Nbc3 Ne7 20. Kd2 Ng6 21. Bg3 Be7 22. Nd4 Bxg5+ 23. Kd3 Ke7 24. Na4 Nf4+ 25. Bxf4 Bxf4 26. Rae1 Raf8 27. Nc5 Bc8 28. e6 g5 29. c4 h4 30. cxd5 cxd5 31. Nb5 g4 32. Nxa7 h3 33. Nxc8+ Rxc8 34. Nd7 g3 35. Rhf1 Rh4 36. Ne5 Bxe5 37. Rxe5 g2 0-1